Normal view
MARC view
Entry Personal Name
001 - CONTROL NUMBER
- control field: 53956
003 - CONTROL NUMBER IDENTIFIER
- control field: dpl
005 - DATE AND TIME OF LATEST TRANSACTION
- control field: 20121130122209.0
008 - FIXED-LENGTH DATA ELEMENTS
- fixed length control field: 121130|||a|||||| | ||| d
040 ## - CATALOGING SOURCE
- Original cataloging agency: dpl
- Transcribing agency: dpl
100 ## - HEADING--PERSONAL NAME
- Personal name: Gupta, Gagan
670 ## - SOURCE DATA FOUND
- Source citation: Work cat.: (dpl)62150: Gupta, Gagan, Sir,please explain! /, 200?
670 ## - SOURCE DATA FOUND
- Source citation: Work cat.: (dpl)62150: Gupta, Gagan, Sir,please explain! /, 200?
